000 00319nam a22001337a 4500
020 _a0767420330
082 _222
_a160
100 _aLayman, C Stephen.
245 _aThe power of logic /
250 _a3rd
260 _bMc Graw Hill Higher Education ,
_cc 2002
300 _aix, 592,p, ;
_bNA
_c24 cm.
942 _2ddc
_cGEN
999 _c4104
_d4104